Представление документа в формате RUSMARC

ПолеНазваниеЗначение
  Тип записи a
  Библиографический уровень m
001 Контрольный номер UONB/MAIN/ffbdd021f90543a9971ed0aec4017fb4
005 Дата корректировки 20260413105846.6
010 Индекс ISBN __
b Уточнения в пер.
d Цена 3 р. 20 к.
9 Тираж 1200 экз.
100 Данные общей обработки __
a Данные общей обработки 20260413d1980 u u0rusy0189 ca
101 Язык документа 0_
a Язык текста rus
102 Страна публикации __
a Страна публикации RU
105 Кодированные данные (монография) __
a Кодированные данные (монография) y z 000yy
200 Заглавие и сведения об ответственности 1_
a Заглавие Сб. 9
e Сведения, относящиеся к заглавию сборник статей
f Первые сведения об ответственности ответственный редактор Е. И. Индова [и др.]
210 Выходные данные 1_
d Дата издания 1980
215 Физическое описание __
a Объем 276 с.
300 Общие примечания __
a Общие примечания Загл. сб. 3-9: Материалы по истории сельского хозяйства и крестьянства СССР
461 Уровень набора _0
1 71202
a Институт истории
4 570
1 2001
a Материалы по истории сельского хозяйства и крестьянства СССР
f Академия наук СССР, Институт истории
v Сб. 9
1 2101
a Москва
c Изд-во АН СССР
d 1952-
1 300
a Загл. сб. 1-2: Материалы по истории земледелия СССР
1 300
a На корешке загл.: Материалы по истории сельского хозяйства СССР
1 001UONB/MAIN/8d90af4e9c304a0c8555e4835a4756d1
1 203
a Текст
b визуальный
c непосредственный
1 215
d 22 см
606 Тематические рубрики 0_
a Основная рубрика Сельское хозяйство СССР
x Основная подрубрика История
j Формальный подзаголовок Сборники
606 Тематические рубрики 0_
a Основная рубрика Земледелие в СССР
x Основная подрубрика История
j Формальный подзаголовок Сборники
606 Тематические рубрики 0_
a Основная рубрика Крестьянство в СССР
x Основная подрубрика История
j Формальный подзаголовок Сборники
610 Ключевые слова 0_
a Ключевые слова земледелие в СССР; история земледелия в СССР; сельское хозяйство в СССР; крестьянство в СССР
675 Индекс УДК __
a Индекс УДК 9(С)
686 Индексы других классификаций __
2 Код системы rubbk
a Классификационный индекс 41.4г
702 Вторичная интеллектуальная ответственность _1
a Фамилия Индова
b Имя (инициалы) Е. И.
4 Код отношения 340
801 Источник записи _0
a Страна RU
b Организация Ульяновская ОНБ
c Дата составления 20260413
g Правила каталогизации RCR
801 Источник записи _1
a Страна RU
b Организация Ульяновская ОНБ
c Дата составления 20260413
g Правила каталогизации RCR
901 Тип документа __
t Тип документа n
w Контрольный № источника UONB/MAIN/8d90af4e9c304a0c8555e4835a4756d1
909 Создатель записи __
a Создатель записи Горбунова
b Дата создания записи 20260413